000
00344nam a22001457a 4500
020
_a
978-8126512560
041
_a
ENG
100
_a
Ravindran
245
_a
Operations Research Principles And Practice
260
_a
New York .
_b
John Wiley & Sons
_c
2000
300
_a
637
650
_a
SWCE
700
_a
Solberg.R.P
856
_u
SWCE ( 24 )
999
_c
1815
_d
1815